| 000 | 01245ncm0a2200349 4500 | ||
|---|---|---|---|
| 001 | RU\NLR\ONIZ\219107 | ||
| 005 | 20250626085006.0 | ||
| 013 | _a979-0-706419-84-8 | ||
| 021 |
_aRU _b15-328н _915-19н |
||
| 035 | _a(NLR Aleph) 011534678 | ||
| 090 |
_a12162548 _c12162548 |
||
| 100 | _a20170719d2015 |||y0rusy50 ca | ||
| 101 | 0 | _arus | |
| 102 | _aRU | ||
| 125 | _aax | ||
| 145 | 0 | _ab | |
| 200 | 1 |
_aСонатины _bНоты _dSonatinas _eдля фп. в 4 руки _e3-5 годы обучения _zeng _fА. Диабелли |
|
| 210 |
_aСанкт-Петербург _cСоюз художников _d2015 |
||
| 215 |
_a51 с. _cпортр. _d29 см |
||
| 606 | 1 |
_aСонатины для фортепиано в 4 руки _jНоты _2nlr_sh |
|
| 686 |
_aЩ952.425.495я44(4А) _vLBC/SL _2rubbk |
||
| 686 |
_aЩ952.425.4-041я44(4А) _vLBC/SL _2rubbk |
||
| 700 | 1 |
_9z02790 _aДиабелли _bА. _f1781-1858 _gАнтонио _4230 _7ca |
|
| 790 | 1 |
_9z02700 _aDiabelli _bA. _f1781-1858 _gAntonio _4230 _7ba |
|
| 801 | 0 |
_aRU _bNLR _c20170719 _gPSBO |
|
| 801 | 1 |
_aRU _bNLR _c20170719 _2rusmarc |
|
| 801 | 2 |
_aRU _bNLR _c20190630 |
|
| 852 |
_aNLR _bМ _jК-3/28630 _pМОЭ 2015-19н/328н _t1 |
||
| 942 | _cSCORE | ||
| 980 | _aNB | ||
| 980 | _aONIZ | ||